[Event "GER CCM-E03-D email"]
[Site "GER email"]
[Date "2019.06.19"]
[Round "?"]
[White "Babychuk, Vladimir"]
[Black "Sesko, Marijan"]
[Result "1/2-1/2"]
[WhiteElo "2229"]
[BlackElo "2232"]
[PlyCount "35"]
[EventDate "2019.??.??"]
[EventType "tourn (corr)"]
[EventRounds "13"]
[EventCountry "GER"]
[SourceTitle "Corr 2022"]
[Source "ChessBase"]
[SourceDate "2021.10.24"]
[SourceVersion "1"]
[SourceVersionDate "2021.10.24"]
[SourceQuality "1"]

1. d4 Nf6 2. c4 c6 3. Nc3 d5 4. cxd5 cxd5 5. Bf4 Qb6 6. Qd2 Nc6 7. e3 Bf5 8. a3 e6 9. Nf3 Be7 10. Ne5 Nh5 11. Nxc6 bxc6 12. Be5 f6 13. Be2 fxe5 14. Bxh5+ g6 15. Be2 exd4 16. exd4 Rb8 17. b4 0-0 18. 0-0 1/2-1/2

[Event "GER CCM-E03-D email"]
[Site "GER email"]
[Date "2019.06.19"]
[Round "?"]
[White "Sesko, Marijan"]
[Black "Lemke, Burghard"]
[Result "1/2-1/2"]
[WhiteElo "2232"]
[BlackElo "2226"]
[PlyCount "87"]
[EventDate "2019.??.??"]
[EventType "tourn (corr)"]
[EventRounds "13"]
[EventCountry "GER"]
[SourceTitle "Corr 2022"]
[Source "ChessBase"]
[SourceDate "2021.10.24"]
[SourceVersion "1"]
[SourceVersionDate "2021.10.24"]
[SourceQuality "1"]

1. d4 d5 2. e3 Nf6 3. Nf3 c5 4. c4 cxd4 5. exd4 g6 6. cxd5 Bg7 7. Bb5+ Nbd7 8. 0-0 0-0 9. Nc3 Nb6 10. Re1 Nbxd5 11. Qb3 Qd6 12. h3 b6 13. Bc4 e6 14. Bg5 Bb7 15. Ne5 Nxc3 16. bxc3 Rac8 17. Bf4 Nd5 18. Bd2 Nf6 19. Bf4 Nd5 20. Bd2 Ne7 21. Bf4 Qd8 22. Be3 Bd5 23. Bxd5 Nxd5 24. Bd2 Qc7 25. Rac1 Bxe5 26. Rxe5 Qc4 27. Qb1 Rfd8 28. a3 Qa6 29. h4 Rc6 30. h5 Rdc8 31. hxg6 hxg6 32. Rg5 Kg7 33. Rg3 Rh8 34. Qe4 Qc4 35. Re1 b5 36. Rf3 f6 37. g4 Rb6 38. Kg2 a6 39. Ra1 Rh7 40. g5 f5 41. Qe5+ Kg8 42. Rh1 Rxh1 43. Kxh1 Qc6 44. Kg1 1/2-1/2